000 00959nam a2200229Ia 4500
001 1244
003 GE_BSU
008 181216s||||||||xx |||||||||||||| ||und||
040 _cGE_BSU
080 _a636
100 _aგამხოშვილი რ.
245 _aმეცხოველეობის ფერმები და კომპლექსები.
245 _bსახელმძღვანელო სასოფლო სამეურნეო ინსტიტუტის სტუდენტებისათვის.
260 _aთბილისი.
260 _bსასაფლო სამეურნეო ინსტიტუტი.
260 _c1989.
300 _a34 გვ. 19 სმ.
541 _h1 ლ.
653 _aმეცხოველეობა.
653 _aმეცხოველეობის ფერმები და კომპლექსები.
942 _cBK
999 _c35391
_d35391